书目信息 |
| 题名: |
品味经典
|
|
| 作者: | 滕浩 , 王静 编著 | |
| 分册: | ||
| 出版信息: | 北京 当代世界出版社 2000.10 |
|
| 页数: | 457页 | |
| 开本: | 21cm | |
| 丛书名: | ||
| 单 册: | ||
| 中图分类: | I106.4 | |
| 科图分类: | ||
| 主题词: | 作家--评传--世界 , 小说--简介--世界 | |
| 电子资源: | ||
| ISBN: | 7-80115-346-4 | |
| 000 | 00987nam0 2200265 450 | |
| 001 | 0132005002 | |
| 005 | 20051025095657.29 | |
| 010 | @a7-80115-346-4@dCNY23.80 | |
| 100 | @a20050927d2000 km y0chiy0120 ea | |
| 101 | 0 | @achi |
| 102 | @aCN@b110000 | |
| 105 | @ac z 000yy | |
| 200 | 1 | @a品味经典@Apin wei jing dian@d= Taste scripture of careful@e诺贝尔文学奖名作精义@f滕浩, 王静编著@Fteng hao,wang jing bian zhu@zeng |
| 210 | @a北京@c当代世界出版社@d2000.10 | |
| 215 | @a457页@c肖像@d21cm | |
| 330 | @a本书收有:《你往何处去》、《日瓦戈医生》、《静静的顿河》、《总统先生》、《雪国》、《百年孤独》、《乡村》等46篇诺贝尔文学奖名作。 | |
| 510 | 1 | @aTaste scripture of careful@zeng |
| 517 | 1 | @a诺贝尔文学奖名作精义@Anuo bei er wen xue jiang ming zuo jing yi |
| 606 | 0 | @a作家@x评传@y世界 |
| 606 | 0 | @a小说@x简介@y世界 |
| 690 | @aI106.4@v4 | |
| 701 | 0 | @a滕浩@Ateng hao@4编著 |
| 701 | 0 | @a王静@Awang jing@4编著 |
| 801 | 0 | @aCN@bQSSK@c20051025 |
| 905 | @a10447@dI106.4@eT418 | |
| 品味经典= Taste scripture of careful:诺贝尔文学奖名作精义/滕浩, 王静编著.-北京:当代世界出版社,2000.10 |
| 457页:肖像;21cm |
| ISBN 7-80115-346-4:CNY23.80 |
| 本书收有:《你往何处去》、《日瓦戈医生》、《静静的顿河》、《总统先生》、《雪国》、《百年孤独》、《乡村》等46篇诺贝尔文学奖名作。 |
| ● |
| 相关链接 |
|
|
|
正题名:品味经典
索取号:I106.4/T418
 
预约/预借
| 序号 | 登录号 | 条形码 | 馆藏地/架位号 | 状态 | 备注 |
| 1 | 573163 | 205731635 | 文学库108/108文学库 1排8列4层/ [索取号:I106.4/T418] | 在馆 | |
| 2 | 573164 | 205731644 | 文学库108/108文学库 1排8列4层/ [索取号:I106.4/T418] | 在馆 | |
| 3 | 573165 | 205731653 | 文学库108/108文学库 1排8列4层/ [索取号:I106.4/T418] | 在馆 |